000
00244nam a22001217a 4500
003
SGT
082
_a
823
_b
DIG
100
_a
DIGBY ANNE
245
_a
THE NAUGHTIEST GIRL
260
_a
UK
_b
ENID BLYTON
_c
2015
300
_a
137
942
_2
ddc
_c
BK
999
_c
33462
_d
33462